000 00774nam a2200253 4500
003 OSt
005 20260601170955.0
008 260507b2002\\\\NE\|||||\||||\00|\0\eng\d
020 _a9057680114
040 _aICI
_bSPA
_cICI
041 _aSPA
050 _aNK 1414.A1
_bD57.2002
100 1 _aPepin Von Roojen
245 1 _aDiseños Mexicanos antiguos =
_bAncient Mexican designs.
264 _bPeppin Press / Agile Rabbit
_c2002
300 _a128 páginas
_bILUTRAACIÓN
336 _atexto
_2rdacontent
337 _asin medio
_2rdamedia
338 _avolumen
_2rdacarrier
650 _aDecoration and ornament
_v Mexico
_934800
650 _aArt, Mexican
_cArt, Mexican
_vPictorial works.
_x Pictorial works.
_934801
700 1 _aRoojen, Pepin van
942 _2lcc
_cB
_n1
999 _c19803
_d19803